Statistics for NBA Height Quiz

Click here to take the quiz!

General Stats

  • This quiz has been taken 2,295 times
  • The average score is 15 of 15

Answer Stats

HintAnswer% Correct
Ramon Rondo61
99%
Derrick Rose63
99%
Russell Westbrook63
99%
Michael Jordan66
99%
Kobe Bryant66
99%
Klay Thompson67
99%
Draymond Green67
99%
Lebron James68
99%
Carmelo Anthony68
99%
Danny Granger68
99%
Paul George69
99%
Kevin Durant69
99%
Chris Paul60
97%
Chris Bosh611
93%
Sim Buhllar75
92%

Score Distribution

Percentile by Number Answered

Percent of People with Each Score

Your Score History

You have not taken this quiz